Dasar sosial di Malaysia
| Main Author: | |
|---|---|
| Format: | Book |
| Published: |
Kuala Lumpur :
Golden Books ,
1993
|
| Subjects: |
MARC
| LEADER | 00000cam a2200000 7i4500 | ||
|---|---|---|---|
| 001 | 0000009335 | ||
| 005 | 20160927.0 | ||
| 020 | |a 9837200480 | ||
| 040 | |a INS | ||
| 090 | 0 | 0 | |a HN700.6.A8 |b W36 1993 |
| 100 | 0 | |a Wan Azmi Ramli | |
| 245 | 0 | 0 | |a Dasar sosial di Malaysia |c oleh Wan Azmi Ramli |
| 260 | |a Kuala Lumpur : |b Golden Books , |c 1993 | ||
| 650 | 0 | 0 | |a Social service |z Malaysia |
| 651 | 0 | |a Malaysia |x Social policy | |
| 999 | |a 0000022185 |b BOOK |c Open Shelf |e Default branch | ||
| 999 | |a 0000022352 |b BOOK |c Open Shelf |e Default branch | ||